000 00640nam a2200205Ia 4500
003 GCL
008 140319s9999 xx 000 0 ara d
040 _aGCL /
_cGCL
082 0 4 _a017.962
_bم ص
100 1 _aمحمد صادق الكاشف
245 1 0 _aصحافة الصعيد المحلية ودورها فى الحياة الادبية 1882 - 1952م /
_cمحمد صادق الكاشف
300 _a187 ص
490 _a
650 0 4 _aالصحافة المصرية
650 0 4 _aالصحافة
650 0 4 _aالدوريات
650 0 4 _aالصحف المصرية
650 0 4 _aالصحافة والادب
942 _2ddc
_cBK
999 _c47885
_d47885